An introduction to numerical mathematics /
Guardado en:
| Autor Principal: | |
|---|---|
| Formato: | Libro |
| Idioma: | English German |
| Publicado: |
New York :
Academic Press,
c1963.
|
| Series: | Academic Press textbooks in mathematics
|
| Materias: | |
| Etiquetas: |
Agregar Etiqueta
Sin Etiquetas, Sea el primero en etiquetar este registro!
|
| LEADER | 00970cam a22002415a 4500 | ||
|---|---|---|---|
| 001 | MAT.inmabb005080 | ||
| 008 | 730109s1963####nyu######b####001#0#eng## | ||
| 005 | 20130325181800.0 | ||
| 245 | 1 | 3 | |a An introduction to numerical mathematics / |c Eduard L. Stiefel ; translated by Werner C. Rheinboldt and Cornelie J. Rheinboldt. |
| 260 | |a New York : |b Academic Press, |c c1963. | ||
| 300 | |a x, 286 p. ; |c 24 cm. + |e 1 suplemento (30 p.) | ||
| 440 | 0 | |a Academic Press textbooks in mathematics | |
| 500 | |a Traducción rev. de: Einführung in die numerische Mathematik. Teubner, 1963. | ||
| 504 | |a Incluye referencias bibliográficas (p. 277-280) e índices. | ||
| 510 | 4 | |a MR, |c 31 #5306 | |
| 100 | 1 | |a Stiefel, Eduard L., |d 1909- | |
| 240 | 1 | 0 | |a Einführung in die numerische Mathematik. |l Inglés |
| 650 | 0 | |a Numerical calculations. | |
| 084 | |a 65-01 |2 msc2000 | ||
| 010 | |a 63021407 | ||
| 040 | |a DLC |c DLC |d ICU |d DLC | ||
| 041 | 1 | |a eng |h ger | |
| 859 | |h 65 |i St855 |p A-2519 |b BIB. MATEMATICA | ||
